The Ultimate Harry Potter Quiz 🎬 - Statistics

General Stats
  • This quiz has been taken 154 times
  • The average score is 17 of 30
Answer Stats
Hint Answer % Correct
What is the correct birth order of the Weasley children? Bill, Charlie, Percy, Fred, George, Ron, Ginny
94%
Which insect is Ron afraid of? Spiders
86%
Who is NOT in Gryffindor: Harry Potter, Ron Weasley, Draco Malfoy, or Ginny Weasley? Draco Malfoy
81%
Who sent Harry his Firebolt? Sirius Black
81%
Who is Harry's godfather? Sirius Black
80%
What is the British term for a nonmagical person? Muggle
75%
Which Weasley dies during the final battle of Hogwarts? Fred
73%
What is Harry's middle name? James
72%
Who is manipulated into vandalizing Hogwarts with messages about the Chamber of Secrets? Ginny Weasley
71%
Who betrays Lily and James Potter: Moony, Professor Snape, Padfoot, or Wormtail? Wormtail
67%
What year do Hogwarts students take O.W.L.s? 5
65%
What is the name of the Gryffindor ghost? Nearly Headless Nick
63%
38. How many Horcruxes did Voldemort create intentionally? 6
62%
What is Hermione’s patronus? Otter
60%
What is Voldemort's real name? Tom Marvolo Riddle
60%
Which incantation can levitate an object? Wingardium Leviosa
54%
What is the name of Hagrid's boarhound dog? Fang
50%
What class does Professor McGonagall teach? Transfiguration
50%
Where was Harry Potter born? Godric's Hollow
49%
What type of creature is Fluffy? A three-headed dog
48%
What is the animal symbol of Ravenclaw? Eagle
48%
What’s the name of Hagrid’s half-brother? Grawp
48%
Who does Bill Weasley marry? Fleur Delacour
46%
What is the maiden name of sisters Lily Potter and Petunia Dursley? Evans
45%
When is Harry's birthday? July 31
39%
Where is the entrance to the Chamber of Secrets hidden? The girls' bathroom
38%
What's the address of the Black family home? 12 Grimmauld Place
34%
What is the name of the Weasley twins’ magic joke shop? Weasleys’ Wizard Wheezes
31%
Who wrote A History of Magic? Bathilda Bagshot
28%
What is Professor McGonagall’s animagus? Silver tabby cat
6%
No matching quizzes found
Score Distribution
Percent of People with Each Score
Percentile by Number Answered
Your Score History
You have not taken this quiz